Piosenki powyżej miliarda wyświetleń Kolega Ignacy youtube - Statystyki

Ogólne statystyki
  • Ten quiz został rozwiązany 443 razy
    378 od ostatniego zresetowania
  • Średni wynik to 31 z 153
Statystyki odpowiedzi
Numer Wykonawca Wyświetlenia Rok wydania Tytuł % Poprawnych
1 Luis Fonsi, Daddy Yankee 6 328 759 941 2017 Despacito
96%
2 Ed Sheeran 4 302 429 604 2017 Shape of you
86%
3 Wiz Khalifa, Charlie Puth 4 173 924 610 2015 See you again
74%
29 Justin Bieber, Ludacris 2 123 459 971 2010 Baby
71%
5 PSY 3 385 759 201 2012 Gangnam Style
68%
7 Maroon 5 2 997 654 764 2015 Sugar
60%
15 Adele 2 544 867 392 2015 Hello
57%
8 Katy Perry 2 864 622 927 2013 Roar
56%
6 Justin Bieber 3 164 097 760 2015 Sorry
55%
4 Mark Ronson, Bruno Mars 3 612 510 074 2015 Uptown Funk
55%
31 Ed Sheeran 2 086 536 513 2017 Perfect
54%
18 Alan Walker 2 443 921 236 2015 Faded
52%
24 shakira 2 273 737 446 2010 Waka Waka
51%
11 OneRepublic 2 788 060 041 2013 Counting stars
47%
9 Taylor Swift 2 800 937 529 2014 Shake it off
47%
22 Maroon 5, Cardi B 2 309 467 574 2018 Girls like you
42%
30 Sia 2 094 683 344 2014 Chandelier
38%
13 Major Lazer, DJ Snake 2 614 481 829 2015 Lean On
38%
40 twenty one pilots 1 789 510 913 2015 Stressed Out
38%
37 Avicii 1 839 029 794 2013 Wake Me up
37%
21 The Chainsmoker, Halsey 2 347 986 510 2016 Closer
35%
144 Rihanna, Drake 1 045 591 306 2016 Work
35%
33 Ellie Goulding 2 009 929 948 2015 Love Me like you do
34%
17 Taylot Swift 2 471 259 723 2014 Blank space
33%
14 Katy Perry 2 610 322 558 2014 Dark Horse
33%
16 Passenger 2 477 593 796 2012 Let Her Go
33%
148 Miley cyrus 1 021 869 053 2013 Wrecking Ball
33%
12 Enrique Iglesias,Descemer Bueno, Gente De Zona 2 746 514 276 2014 Bailando
32%
153 Queen 1 000 427 738 1975 Bohemian Rhapsody
32%
141 Pharrell Williams 1 060 536 329 2014 Happy
32%
142 Imagine Dragons 1 059 494 628 2012 Radioactive
32%
10 Ed Sheeran 2 790 222 506 2014 Thinking out loud
32%
55 Camila Cabello, Young Thug 1 585 709 065 2017 Havana
31%
56 Adele 1 568 380 412 2010 Rolling in the deep
31%
46 MAGIC! 1 685 831 798 2013 Rude
29%
105 Imagine Dragons 1 241 655 502 2017 Thunder
29%
75 Marshmello 1 391 059 026 2016 Alone
28%
110 Carly Rae Jepsen 1 197 169 367 2012 Call Me Maybe
28%
50 Bruno Mars 1 657 342 956 2011 The lazy song
28%
113 Katy Perry 1 184 078 322 2010 Firework
27%
38 Dua Lipa 1 838 021 326 2017 New Rules
27%
64 John Legend 1 498 210 425 2013 All of me
26%
135 Lady Gaga 1 081 046 040 2009 Bad romance
26%
84 Ellie Goulding 1 353 355 057 2013 Burn
26%
63 Justin bieber 1 508 001 157 2015 Love Yourself
26%
128 Pitbull, Kesha 1 125 810 849 2013 Timber
25%
41 Shawn Mendes 1 775 765 053 2016 Treat you better
25%
91 Martin garrix 1 306 951 633 2013 Animals
24%
132 Imagine Dragons 1 096 999 934 2017 Believer
24%
83 Rihanna 1 356 473 165 2012 Diamonds
24%
72 Jennifer Lopez, Pitbull 1 403 807 532 2011 On the floor
24%
27 Clean Bandit, Sean Paul, Anne Marie 2 175 480 233 2016 Rockabye
24%
25 Charlie Puth, Selena Gomez 2 250 779 928 2016 We dont talk anymore
24%
79 Jessie J, Ariana Grande, Nicki Minaj 1 366 462 985 2014 Bang Bang
23%
149 Drake 1 020 755 126 2018 Gods Plan
23%
23 Meghan Trainor 2 307 770 458 2014 All about that bass
22%
103 PSY 1 250 204 563 2013 GENTLEMAN
21%
102 twenty one pilots 1 257 384 395 2016 Heathens
21%
59 Drake 1 536 648 487 2015 Hotline Bling
21%
39 Eminem, Rihanna 1 816 585 685 2010 Love the way you lie
21%
53 Ariana Grande, Nicki minaj 1 610 237 112 2016 Side to Side
21%
77 Adele 1 376 976 751 2011 Someone Like you
21%
48 The Chainsmokers, Coldplay 1 679 496 041 2017 Something just like this
21%
122 Shawn Mendes 1 163 697 079 2015 Stitches
21%
78 Sia, Sean Paul 1 371 251 020 2016 Cheap thrills
20%
35 Luis Fonsi, Demi Lovato 1 869 938 696 2017 Echame La culpa
20%
111 Linkin Park 1 197 169 367 2003 Numb
20%
49 LMFAO, Lauren Bennett, GoonRock 1 671 298 772 2011 Party rock anthem
20%
32 Justin Bieber 2 023 709 202 2015 What Do You mean
20%
28 Fifth Harmony, Dolla Sign 2 138 780 347 2016 Work From home
20%
42 Idina Menzel, disney 1 772 715 395 2014 Let it go
19%
93 Calvin Harris 1 303 516 030 2014 Summer
19%
19 J Balvin, Willy William 2 433 399 649 2017 Mi gente
18%
116 Ariana Grande, Iggy Azalea 1 172 304 008 2014 Problem
18%
44 Fifth harmony 1 730 667 642 2015 Worth it
18%
20 Shakira, Maluma 2 408 985 018 2016 Chantaje
17%
88 Macklemore, Ryan lewis, Wanz 1 326 805 586 2012 Thrift Shop
17%
45 Axel F 1 701 892 726 2009 Crazy Frog
16%
57 The weeknd, Daft Punk 1 556 541 972 2015 Starboy
16%
67 DJ Snake, Selena Gomez, Ozuna, Cardi B 1 446 236 201 2018 Taki Taki
16%
130 David Guetta, Sia 1 104 034 914 2011 Titanium
16%
151 Ariana Grande, Zedd 1 010 532 636 2014 Break free
15%
97 Eminem 1 289 514 253 2010 Not afraid
15%
76 The Weeknd 1 379 449 627 2015 The hills
15%
146 Justin Timberlake 1 040 410 868 2016 Cant Stop The Feeling
14%
138 Don Omar, Lucenzo 1 miliard(zablokowany w Polsce) 2011 Danza Kuduro
14%
119 Coldplay 1 166 261 948 2016 Hymn For The Weekend
14%
125 Coldplay 1 158 614 004 2011 Paradise
14%
104 Gotye, Kimbra 1 247 298 783 2011 Somebody That I Used To Know
14%
107 Daddy Yankee, Snow 1 215 935 275 2019 Con Calma
13%
74 The chainsmokers, daya 1 391 255 561 2016 Dont let me down
13%
108 ZAYN, Sia 1 207 813 026 2017 Dusk Till Down
13%
137 One Direction 1 072 372 155 2011 What Makes You Beautiful
13%
47 Nicky Jam, J Balvin 1 682 728 553 2018 X
13%
80 Christina Perri 1 360 325 982 2011 A Thousand Years
12%
94 Taylor Swift 1 301 438 506 2015 Bad Blood
12%
117 Katy Perry 1 167 929 818 2011 Last Friday Night
12%
126 Bruno Mars 1 149 979 007 2016 24k Magic
11%
82 Bruno Mars 1 356 566 662 2010 Just The Way you Are
11%
139 Taylor Swift 1 070 595 382 2017 Look What You Made Me Do
11%
86 Jason derulo, Dolla sign, Nicki Minaj 1 346 427 628 2017 Swalla
11%
61 Bruno Mars 1 521 611 302 2017 Thats what i like
11%
96 David Guetta,Nicki Minaj, Bebe Rexha, Afrojack 1 295 697 975 2015 Hey Mama
10%
99 DJ Khaled,Justin Bieber, Quavo, Chance the Rapper, Lil Wayne 1 271 120 940 2017 Im the one
10%
129 Mike Posner 1 123 468 427 2016 I Took A Pill In Ibiza
10%
109 Guns N Roses 1 201 659 267 1992 November Rain
10%
145 P!nk, Nate Ruess 1 044 539 100 2013 Just Give Me A Reason
9%
143 Shakira, Carlinhos Brown 1 059 494 628 2014 La La La
9%
124 Enrique Iglesias, Descemer Bueno, Zion, Lennox 1 162 099 560 2017 Subeme La Radio
9%
152 The Weeknd 1 002 163 899 2015 Cant feel My Face
8%
140 Post Malone, Quavo 1 070 347 987 2017 Congratulations
8%
147 Sia, Shia LaBeouf, Maddie Ziegler 1 023 620 830 2015 Elastic heart
8%
51 Silento 1 655 058 239 2015 Watch me
8%
70 Pedro Capo, Farruko 1 409 732 445 2018 Calma
7%
95 Calvin Harris, Disciples 1 297 864 701 2015 How Deep Is your Love
7%
136 Aron Chupa 1 076 837 958 2014 Im An Albatraoz
7%
52 Becky G, Bad Bunny 1 625 473 584 2017 Mayores
7%
43 Gummy bear 1 736 129 594 2007 The gummy bear song
6%
131 Skrillex and Diplo, Justin Bieber 1 098 568 309 2015 Where Are You Now
6%
118 Sam Smith 1 166 861 372 2014 Im not the only one
5%
36 Natti Nattasha, Ozuna 1 841 493 663 2017 Criminal
4%
69 Daddy Yankee 1 413 536 604 2018 Dura
4%
60 Maluma 1 523 234 215 2017 Felices los 4
4%
66 Becky G, Natti Natasha 1 487 368 835 2018 Sin Pijama
4%
34 Casper, Nio García, Darell, Nicky Jam, Bad Bunny, Ozuna 1 881 977 190 2018 Te Bote
4%
100 Nicky Jam, Enrique Iglesias 1 266 231 325 2015 El Perdon
3%
89 Carlos Vives, Shakira 1 321 494 264 2016 La Bicicleta
3%
62 CNCO 1 521 160 234 2017 Reggaeton Lento
3%
58 Ricky Martin, Maluma 1 553 903 640 2016 Vente Pa Ca
3%
54 J Balvin 1 604 133 568 2015 Ay Vamos
2%
73 Maluma 1 396 295 678 2017 Corazon
2%
105 Nicky Jam 1 237 955 488 2017 El Amante
2%
81 Daddy Yankee 1 360 207 572 2016 Shaky Shaky
2%
26 Calvin Harris, Rihanna 2 241 586 574 2016 This is what you came from
2%
133 Sam Smith 1 086 619 167 2017 Too Good At Goodbyes
2%
150 J Balvin, Farruko 1 020 686 895 2014 6 AM
1%
114 Chris Jeday, J Balvin, Ozuna, Arcángel 1 173 910 359 2017 Ahora Dice
1%
68 Chino y Nacho, Daddy Yankee 1 414 910 704 2016 Andas En Mi cabeza
1%
98 MC Fioti 1 286 003 991 2017 Bum Bum Tam Tam
1%
85 El Chombo, Cutty Ranks 1 348 587 443 2018 Dame Tu Cosita
1%
134 Prince Royce 1 085 647 689 2013 Darte un Beso
1%
92 Ozuna, romeo Santos 1 303 607 102 2018 El farsante
1%
120 Maluma 1 164 828 746 2016 El Perdedor
1%
101 PULCINO PIO 1 263 616 935 2012 El Pollito Pio
1%
112 Wisin, Ozuna 1 188 116 521 2017 Escapate Conmigo
1%
71 Nicky jam 1 405 119 389 2016 Hasta el amanecer
1%
115 Gente de Zona, Marc Anthony 1 172 373 586 2015 La Gozadera
1%
127 Ricky Martin, Yotuel 1 132 548 975 2015 La Mordidita
1%
87 Danny Ocean 1 331 896 390 2016 Me Rehuso
1%
106 Joey Montana 1 237 533 730 2015 Picky
1%
123 Ozuna 1 163 551 987 2017 Se Preparo
1%
65 Romeo Santos 1 494 815 948 2013 Propuesta Indicente
0%
90 MTZ Manuel Turizo 1 306 793 703 2017 Una Lada Como Tu
0%
Nie znaleziono quizów pasujących do podanych kryteriów
Rozkład punktacji
Procent ludzi z każdym wynikiem
Percentyl według liczby udzielonych odpowiedzi
Twoja historia wyników
Nie rozwiązałeś tego quizu od ostatniego zresetowania